|
|
|
|
| LEADER |
01558nam a2200253 a 4500 |
| 003 |
GR-PaULI |
| 005 |
20250317102045.0 |
| 008 |
070322s gr 000 0 gre d |
| 952 |
|
|
|0 0
|1 0
|2 ddc
|3 αντ.1
|4 0
|6 Μ_ΤΑΤ
|7 0
|9 270625
|a MSLG
|b MSLG
|c BSC
|d 2021-01-17
|e 24
|f 0
|g 0.00
|l 0
|o Μ ΤΑΤ
|p 2420000021468
|r 2021-01-17 00:00:00
|t 1
|w 2021-01-17
|y BK15
|x 20070322 0 1
|x GrPaTEI
|
| 952 |
|
|
|0 0
|1 0
|2 ddc
|3 αντ.2
|4 0
|6 Μ_ΤΑΤ
|7 0
|9 270626
|a MSLG
|b MSLG
|c BSC
|d 2021-01-17
|e 24
|f 0
|g 0.00
|l 0
|o Μ ΤΑΤ
|p 2420000024838
|r 2021-01-17 00:00:00
|t 1
|w 2021-01-17
|y BK15
|x 20100413 0 1
|x GrPaTEI
|
| 952 |
|
|
|0 0
|1 0
|2 ddc
|4 0
|6 889_334000000000000_ΤΑΤ
|7 0
|9 361623
|a LISP
|b LISP
|c DON
|d 2022-06-21
|e ΠΑΤ
|i 148422
|l 0
|o 889.334 ΤΑΤ
|p 025000294207
|r 2022-06-21 00:00:00
|t 3
|v 2022.00
|w 2022-06-21
|y BKN
|
| 952 |
|
|
|0 0
|1 0
|2 ddc
|4 0
|6 889_334000000000000_ΤΑΤ
|7 1
|9 364487
|a LISP
|b LISP
|c DON
|d 2022-09-22
|e ΨΥΧ
|i 258297
|l 0
|o 889.334 ΤΑΤ
|p 025000294511
|r 2022-09-22 00:00:00
|t 4
|v 2022.00
|w 2022-09-22
|y BKN
|
| 999 |
|
|
|c 156330
|d 156330
|
| 020 |
|
|
|a 9604550802
|
| 040 |
|
|
|a GR-PaULI
|b gre
|c GR-PaULI
|e AACR2
|
| 082 |
0 |
4 |
|a 889.334
|2 23
|
| 100 |
1 |
|
|9 6260
|a Τατσόπουλος, Πέτρος,
|d 1959-
|e συγγραφέας.
|
| 245 |
1 |
2 |
|a Η καλοσύνη των ξένων :
|b μια αληθινή ιστορία /
|c Πέτρος Τατσόπουλος.
|
| 260 |
|
|
|a Αθήνα :
|b Μεταίχμιο,
|c c2004.
|
| 300 |
|
|
|a 306 σ. ;
|c 20 εκ.
|
| 490 |
1 |
|
|a Λογοτεχνία (Μεταίχμιο)
|
| 830 |
|
0 |
|a Λογοτεχνία (Μεταίχμιο)
|9 155539
|
| 942 |
|
|
|2 ddc
|c BK
|
| 998 |
|
|
|c Σαλαμούρα
|d 2022-09
|